LEADER 01309nam a2200265 i 4500 001 000000171412 003 CaOOAMICUS 005 20220526153503.0 008 080429s1931 it u000 u ita u 013 $a148843 040 $aSeMil$bita 100 1 $aShakespeare, William,$d<1564-1616>.$0(OLS)http://semarc/name/1186 240 12$aA midsummer night's dream.$0(OLS)http://semarc/title/440104 245 13$aIl sogno di una notte di mezza estate ; Amleto ; La tempesta /$cGuglielmo Shakespeare ; a cura di Laura Torretta. 264 1$aTorino :$bUnione Tipografico-Editrice Torinese,$c1931. 300 $a309 p., [1] p. di ritratto ;$c19 cm. 650 4$aShakespeare, William <1564-1616> - Opere.$0(OLS)http://semarc/subject/3624 700 1 $aTorretta, Laura.$0(OLS)http://semarc/name/33227 730 42$aThe tempest.$0(OLS)http://semarc/title/440105 730 42$aThe tragedy of Hamlet :$bprince of Denmark.$0(OLS)http://semarc/title/440098 850 $aSeMil 852 $aSeMil$W1$xVenegono$y1$m1W II 12$j122281$B122281$CSeMilBibl$Z2$F133627 $81 996 $6245$aIl sogno di una notte di mezza estate ; Amleto ; La tempesta$9(OLS)http://semarc/title/245211 996 $6264$aTorino :$bUnione Tipografico-Editrice Torinese$9(OLS)http://semarc/publisher/29628 LEADER 01284nam a2200241 i 4500 001 000000053848 003 CaOOAMICUS 005 20100723000000.0 008 100723s1963 xx u000 u fre u 013 $a25020 040 $aSeMil$bita 100 1 $aSzymusiak, Jan-M. .$0(OLS)http://semarc/name/26651 245 10$aElements de theologie de l'homme selon Saint Gregoire de Nazianze /$cPontificia Universitas Gregoriana ; Auctore Ioanne-Maria Szymusiak , S. J. 260 $aRoma :$b[s.n.],$c1963$e(Romae :$fTypis Pontificiae Universitatis Gregorianae ,$g1963) 300 $a96 p. ;$c25 cm. 500 $aContiene : Bibliographie. - In mezzo al front : Excerpta ex dissertatione ad Lauream in Facultate Theologica Pontificiae Universitatis Gregorianae. 600 04$aGregorio : Nazianzeno .$0(OLS)http://semarc/subject/484 650 4$aTesi di laurea.$0(OLS)http://semarc/subject/1690 710 2 $aPontificia Università Gregoriana .$0(OLS)http://semarc/name/5 850 $aSeMil 852 $aSeMil$W1$xVenegono$y1$m2I I 197$j20002$B20002$CSeMilBibl$Z2$F20004 $81 996 $6245$aElements de theologie de l'homme selon Saint Gregoire de Nazianze$9(OLS)http://semarc/title/83100 996 $6260$aRoma :$b[s.n.]$9(OLS)http://semarc/publisher/29738